Cosmofonía / (Record no. 40870)

MARC details
000 -LEADER
campo de control de longitud fija 00556nam a2200193 i 4500
001 - NÚMERO DE CONTROL
campo de control 40870
003 - IDENTIFICADOR DE NÚMERO DE CONTROL
campo de control ES-MaACL
005 - FECHA Y HORA DE LA ÚLTIMA TRANSACCIÓN
campo de control 20230906160329.0
007 - CAMPO FIJO DE DESCRIPCIÓN FÍSICA--INFORMACIÓN GENERAL
campo de control de longitud fija t|
008 - DATOS DE LONGITUD FIJA--INFORMACIÓN GENERAL
campo de control de longitud fija 030307s1975 fr ||||1| spa d
100 1# - ENTRADA PRINCIPAL--NOMBRE DE PERSONA
Nombre de persona Carles, Marc.
9 (RLIN) 35266
245 10 - MENCIÓN DEL TÍTULO
Título Cosmofonía /
Mención de responsabilidad, etc. Marc Carles . Pentafonía / Olga Helena Mattei.
260 ## - PUBLICACIÓN, DISTRIBUCIÓN, ETC.
Lugar de publicación, distribución, etc. Paris :
Nombre del editor, distribuidor, etc. [Embajada Colombiana],
Fecha de publicación, distribución, etc. 1975.
300 ## - DESCRIPCIÓN FÍSICA
Extensión 60 p. ;
Dimensiones 33 cm.
700 1# - ENTRADA AGREGADA--NOMBRE PERSONAL
Nombre de persona Mattei, Olga Elena.
9 (RLIN) 79112
740 0# - ENTRADA AGREGADA--TÍTULO RELACIONADO/ANALÍTICO NO CONTROLADO
Título relacionado o analítico no controlado Pentafonía.
852 ## - LOCALIZACIÓN
Ubicación ES-MaACL
Número de control de estantería A-5558
Sublocalización o colección R.94121
852 ## - LOCALIZACIÓN
Ubicación ES-MaACL
Número de control de estantería A-5559
Sublocalización o colección R.94122
Holdings
Estatus retirado Estado de pérdida Estado de daño No para préstamo Biblioteca de origen Biblioteca actual Ubicación en estantería Fecha de adquisición Fuente de adquisición Total de préstamos Signatura topográfica completa Código de barras Visto por última vez Precio de reemplazo Tipo de ítem Koha
        Biblioteca del Ateneo de Madrid Biblioteca del Ateneo de Madrid Sala Pecera Planta 1 17/01/2008     A-5559 1043023 23/02/2023 23/02/2023 Libro impreso
        Biblioteca del Ateneo de Madrid Biblioteca del Ateneo de Madrid Sala Pecera Planta 1 17/01/2008     A-5558 1043022 23/02/2023 23/02/2023 Libro impreso